• 首页
  • 本馆介绍
  • 公告通知
  • 最新文献
  • 馆藏检索
  • 电子资源
  • 读者导购
  • 参考咨询
  • 我的图书馆
  • 登录
  • 详细信息显示
  • 放入我的书架
  • 预约/预借图书
  • 作者相关作品
  • 分类相关作品
  • 丛书相关作品
  • 出版社相关作品

书目信息

  • 表格格式
  • 工作单格式
  • 卡片格式
题名:
公共卫生史
    
 
作者: 罗森 著 ;黄沛一 译
分册:  
出版信息: 南京   译林出版社  2021
页数: 617页
开本: 21cm
丛书名: 医学人文丛书
单 册:
中图分类: R126.4-091 , R126.4
科图分类:
主题词: 公共卫生--医学史--世界
电子资源:
ISBN: 978-7-5447-8733-8
000 01723oam2 2200301 450
001 2231762201
005 20220930084949.30
010    @a978-7-5447-8733-8@b精装@dCNY88.00
100    @a20210820d2021 em y0chiy50 ea
101 1  @achi@ceng
102    @aCN@b320000
105    @ak az 001yy
200 1  @a公共卫生史@9gong gong wei sheng shi@dA history of public health@f(美国)乔治·罗森(George Rosen)著@g黄沛一译@zeng
210    @a南京@c译林出版社@d2021
215    @a617页@d21cm
225 2  @a医学人文丛书@v3
314    @a乔治·罗森(George Rosen,1910—1977),医学史家,医学社会史的奠基人。前医学史学会 ,前美国医学史协会 ,曾担任纽约市卫生局卫生教育主任、《美国公共卫生杂志》编辑,生前执教于哥伦比亚大学、耶鲁大学,教授公共卫生学、传染病学、医学史。另著有《疯癫与社会》《矿业工人疾病史:一项医学与社会解释》《美国医疗实践的结构,1875—1941》《美国的预防医学,1900—1990》。2014年,美国医学史协会设立“乔治·罗森奖”,旨在嘉奖公共卫生史及医学社会史方面的 著作。
320    @a有书目(第471-563页)和索引
330    @a从流行病学的古老源头,到职业健康、母婴保健、营养学的兴起,从人口统计的诞生,到 次国民健康调查、 套地方卫生行政体系、 个 卫生组织的破土,卫生学泰斗、医学社会史先驱乔治·罗森细数公共卫生 的重大里程碑,展现政治、经济、科学、思想背景下的卫生大历史,讲述一个关于挫折与前进、迷茫与奋战的故事。《公共卫生史》联结过去与现在,试图从历史中找到公共卫生获得进步的必要条件,以此指明未来的方向。
461  0 @12001 @a医学人文丛书
510 1  @aHistory of public health@zeng
606 0  @a公共卫生@x医学史@x世界
690    @aR126.4-091@v5
690    @aR126.4@v4
701  1 @c(美)@a罗森@9luo sen@c(Rosen, George@f1910-1977)@4著
702  0 @a黄沛一@9huang pei yi@4译
801  0 @aCN@b91MARC@c20210918
905    @aZUCC@dR126.4@e3
    
    公共卫生史=A history of public health/(美国)乔治·罗森(George Rosen)著/黄沛一译.-南京:译林出版社,2021
    617页;21cm.-(医学人文丛书;3)
    
    
    ISBN 978-7-5447-8733-8(精装):CNY88.00
    从流行病学的古老源头,到职业健康、母婴保健、营养学的兴起,从人口统计的诞生,到 次国民健康调查、 套地方卫生行政体系、 个 卫生组织的破土,卫生学泰斗、医学社会史先驱乔治·罗森细数公共卫生 的重大里程碑,展现政治、经济、科学、思想背景下的卫生大历史,讲述一个关于挫折与前进、迷茫与奋战的故事。《公共卫生史》联结过去与现在,试图从历史中找到公共卫生获得进步的必要条件,以此指明未来的方向。
●
相关链接 在五车中查询图书 在当当中查询图书 在豆瓣中查询图书


正题名:公共卫生史     索取号:R126.4/3         预约/预借

序号 登录号 条形码 馆藏地/架位号 状态 备注
1 2000908075   2000908075   第三书库/ [索取号:R126.4/3] 在馆    
2 2000908076   2000908076   第三书库/ [索取号:R126.4/3] 在馆    
3 2000908077   2000908077   第三书库/ [索取号:R126.4/3] 在馆    
山东省滨州职业学院图书馆 欢迎您!
大连网信软件有限公司© 版权所有